00258nam a2200109Ia 4500008004100000082001600041100001500057245003900072260000900111650000900120700001900129221030s9999 xx 000 0 und d a105.23bMBA aG. V. Post 0aManagement Information SystemsbCD c2003 aBook aD. L. Anderson